Super Mario Odyssey - All Power Moons - Snow Kingdom - Statistics

General Stats
  • This quiz has been taken 3 times
  • The average score is 31 of 55
Answer Stats
Answer % Correct
Behind Snowy Mountain
100%
Captain Toad is Chilly!
100%
Entrance to Shiveria
100%
Found with Snow Kingdom Art
100%
Iceburn Circuit Class A
100%
Iceburn Circuit Class S
100%
Ice-Dodging Goomba Stack
100%
I Met a Snow Cheep Cheep!
100%
Peach in the Snow Kingdom
100%
Secret Path to Shiveria!
100%
Shopping in Shiveria
100%
Snow Kingdom Master Cup
100%
Snow Kingdom Regular Cup
100%
Snow Kingdom Timer Challenge 1
100%
Snow Kingdom Timer Challenge 2
100%
Snowline Circuit Class S
100%
The Bound Bowl Grand Prix
100%
The Gusty Barrier
100%
The Ice Wall Barrier
100%
Atop a Blustery Arch
50%
Blowing and Sliding
50%
Caught Hopping in the Snow!
50%
Dashing Above and Beyond!
50%
Dashing Over Cold Water!
50%
Even More Walking On Ice!
50%
Fishing in the Glacier!
50%
Forgotten in the Holding Room
50%
Hat-and-Seek: In the Snow
50%
High-Altitude Spinning
50%
Ice Floe Swimming
50%
Icy Jump Challenge
50%
I’m Not Cold!
50%
Moon Shards in the Cold Room
50%
Moon Shards in the Snow
50%
Shining in the Snow in Town
50%
Shining on High
50%
Snow Kingdom Timer Challenge 3
50%
The Icicle Barrier
50%
The Shiverian Treasure Chest
50%
The Snowy Mountain Barrier
50%
Walking on Ice!
50%
Water Pooling in the Crevasse
50%
Above the Freezing Fish Pond
0%
Deep in the Cold, Cold Water
0%
Freezing Water Near the Ceiling
0%
It Popped Out of the Ice
0%
Jump ‘n’ Swim in Freezing Water
0%
Looking Back on the Flower Road
0%
Running the Flower Road
0%
Slip Behind the Ice
0%
Spinning Above the Clouds
0%
Squirming Under Ice
0%
Stacked-Up Ice Climb
0%
Taking Notes: Snow Path Dash
0%
Treasure in the Ice Wall
0%
No matching quizzes found
Score Distribution
Percent of People with Each Score
Percentile by Number Answered
Your Score History
You have not taken this quiz